000 00255nam a2200121 i 4500
001 bg
245 0 _aPrace Instytutu Fizyki.
260 _aSzczecin,
_c1979.
040 _cBPK
041 _apol
942 _cKS
008 s pl f |000 0 pol
999 _c19100
_d19100
856 _uhttp://koha.tu.koszalin.pl/cgi-bin/koha/opac-detail.pl?biblionumber=19100
_yKatalog online BPK